| 000 | 00787cam a22002294a 4500 | ||
|---|---|---|---|
| 020 | _a0471444359 | ||
| 040 | _cDLC | ||
| 082 | 0 | 0 | _a005 WIL 2003 A004 Or. |
| 100 | 1 | _aBell, John T., | |
| 245 | 1 | 0 |
_aJ2EE open source toolkit : _bbuilding an enterprise platform with open source tools / |
| 260 |
_aIndianapolis, IN : _bWiley Pub., _cc2003. |
||
| 300 |
_axxxi, 612 p. : _bill. ; _c24 cm. |
||
| 500 | _aIncludes index. | ||
| 650 | 0 | _aJava (Computer program language) | |
| 650 | 0 | _aBusiness | |
| 700 | 1 | _aNg, Stanford. | |
| 700 | 1 | _aLambros, James T., | |
| 856 | 4 | 2 | _uhttp://www.loc.gov/catdir/bios/wiley046/2003014147.html |
| 856 | 4 | 2 | _uhttp://www.loc.gov/catdir/description/wiley039/2003014147.html |
| 856 | 4 | 1 | _uhttp://www.loc.gov/catdir/toc/wiley032/2003014147.html |
| 942 | _cEK | ||
| 999 |
_c16391 _d16391 |
||